النظام العقابى الإسلامى : (Record no. 56326)
[ view plain ]
| 000 -LEADER | |
|---|---|
| fixed length control field | 01936nam a2200337 i 4500 |
| 003 - CONTROL NUMBER IDENTIFIER | |
| control field | EG-GICUC |
| 005 - DATE AND TIME OF LATEST TRANSACTION | |
| control field | 20260206051952.0 |
| 008 - FIXED-LENGTH DATA ELEMENTS--GENERAL INFORMATION | |
| fixed length control field | 260111s1976 ua |||fr|||| 00| 0 ara d |
| 017 ## - COPYRIGHT OR LEGAL DEPOSIT NUMBER | |
| Copyright or legal deposit number | 3741/1976 |
| 040 ## - CATALOGING SOURCE | |
| Original cataloging agency | EG-GICUC |
| Language of cataloging | ara |
| Transcribing agency | EG-GICUC |
| Modifying agency | EG-GICUC |
| Description conventions | rda |
| 041 0# - LANGUAGE CODE | |
| Language code of text/sound track or separate title | Ara |
| 082 04 - DEWEY DECIMAL CLASSIFICATION NUMBER | |
| Edition number | 21 |
| Classification number | 343.91 |
| Item number | أ ب . ن |
| 092 04 - LOCALLY ASSIGNED DEWEY CALL NUMBER (OCLC) | |
| Edition number | 21 |
| 099 ## - LOCAL FREE-TEXT CALL NUMBER (OCLC) | |
| Classification number | Law1 10 343.91 أ ب . ن 1976 |
| 100 0# - MAIN ENTRY--PERSONAL NAME | |
| Personal name | أبو المعاطى حافظ أبو الفتوح |
| Relator term | مؤلف. |
| 245 12 - TITLE STATEMENT | |
| Title | النظام العقابى الإسلامى : |
| Remainder of title | دراسة مقارنة / |
| Statement of responsibility, etc. | تأليف للدكتور أبو المعاطى حافظ أبو الفتوح. |
| 246 ## - VARYING FORM OF TITLE | |
| Title proper/short title | دراسة تحليلية للخصائص الأساسية للنظام العقابى الإسلامى مع دراسة مقارنة لأغراض العقوبة بين الشريعة والقانون، ثم بيان الأحكام الأساسية لعقوبات الحدود والقصاص والدين والتعزير، مع بيان مدى فاعليتها فى مكافحة الجريمة وتوضيح فلسفة المشرع الوضعى فى معالجة هذه المسائل، مع وضع كل ذلك فى إطار التاريخى القديم والمعاصر بيانا لمشكلات إعادة تطبيق الأحكام الشرعية . |
| 264 #1 - PRODUCTION, PUBLICATION, DISTRIBUTION, MANUFACTURE, AND COPYRIGHT NOTICE | |
| Place of production, publication, distribution, manufacture | [مكان النشر غير محدد] : |
| Name of producer, publisher, distributor, manufacturer | مؤسسة دار التعاون للطبع والنشر، |
| Date of production, publication, distribution, manufacture, or copyright notice | 1976. |
| 300 ## - PHYSICAL DESCRIPTION | |
| Extent | 640 صفحة؛ |
| Dimensions | 24 سم. |
| 336 ## - CONTENT TYPE | |
| Source | rda content |
| Content type term | text |
| 337 ## - MEDIA TYPE | |
| Source | rda media |
| Media type term | Computer |
| 338 ## - CARRIER TYPE | |
| Source | rda carrier |
| Carrier type term | Online Resource |
| 504 ## - BIBLIOGRAPHY, ETC. NOTE | |
| Bibliography, etc. note | ببليوجرافيا: صفحات625-632. |
| 546 ## - LANGUAGE NOTE | |
| Language note | النص باللغة العربية |
| 650 1# - SUBJECT ADDED ENTRY--TOPICAL TERM | |
| Topical term or geographic name entry element | النظام الجنائى الإسلامى |
| Source of heading or term | qrmak |
| 650 1# - SUBJECT ADDED ENTRY--TOPICAL TERM | |
| Topical term or geographic name entry element | القانون الجنائى |
| 651 1# - SUBJECT ADDED ENTRY--GEOGRAPHIC NAME | |
| Source of heading or term | qrmak |
| 856 40 - ELECTRONIC LOCATION AND ACCESS | |
| Uniform Resource Identifier | <a href="https://fll.law.cu.edu.eg/fulltext/bks/B10-07828.pdf">https://fll.law.cu.edu.eg/fulltext/bks/B10-07828.pdf</a> |
| 905 ## - Cataloger and Reviser Names | |
| Cataloger Name: | Yasmin Sayed |
| Revisor Name: | Yara |
| 942 ## - ADDED ENTRY ELEMENTS (KOHA) | |
| Source of classification or shelving scheme | Dewey Decimal Classification |
| Koha item type | Books |
| Edition | 21 |
| Suppress in OPAC | No |
| Withdrawn status | Lost status | Source of classification or shelving scheme | Damaged status | Not for loan | Collection | Home library | Current library | Date acquired | Total checkouts | Full call number | Barcode | Date last seen | Copy number | Price effective from | Koha item type |
|---|---|---|---|---|---|---|---|---|---|---|---|---|---|---|---|
| Dewey Decimal Classification | Not for loan | القانون الجنائي | جــــامعة القــاهرة | مكتبة كلية الحقوق - المبنى الرئيسي | 11.01.2026 | Law1 10 343.91 أ ب . ن 1976 1007828 C1 | B10-07828 | 11.01.2026 | 1 | 11.01.2026 | Books | ||||
| Dewey Decimal Classification | جــــامعة القــاهرة | مكتبة كلية الحقوق - المبنى الرئيسي | 17.01.2026 | Law1 10 343.91 أ ب . ن 1976 1007911 C2 | B10-07911 | 17.01.2026 | 2 | 17.01.2026 | Books |